00472 2200181 4500001002100000005001500021008004100036020001800077035001900095041000700114082001000121090001600131100002200147245002900169260004200198300001900240650003100259INLIS00000000001577520241224115010241224||||||||| | ||| |||| || |  a978-869-418-2 0010-1224015775 aid0 a641.1 a641.1 SOE d0 aSoejoeti Tarwotjc00aDASAR-DASAR GIZI KULINER aJakartabGrasindo Media Pratamac1998 a148hlm;15x23cm 0aKesejahteraan Rumah Tangga